000 00265nam a2200109 a 4500
005 20140414131916.0
008 101015s19uu xx 00 eng d
050 _aER
_bC48 2005
245 _aCinderella.
260 _aManila, Philippines :
_bDisney.
999 _c111463
_d111463